书目信息 |
| 题名: |
新时期中国戏曲创作概论
|
|
| 作者: | 何玉人 著 | |
| 分册: | ||
| 出版信息: | 北京 文化艺术出版社 2005 |
|
| 页数: | 440页 | |
| 开本: | 21cm | |
| 丛书名: | ||
| 单 册: | ||
| 中图分类: | J804 | |
| 科图分类: | ||
| 主题词: | 戏剧--创作理论--研究 | |
| 电子资源: | ||
| ISBN: | 7-5039-2845-X | |
| 000 | 01139nam0 2200301 450 | |
| 000 | 01102nam0 2200289 450 | |
| 000 | 01072nam0 2200289 450 | |
| 000 | 01018nam0 2200265 450 | |
| 000 | 01036nam0 2200253 450 | |
| 000 | 00999nam0 2200241 45 | |
| 005 | 20061206100643.93 | |
| 010 | @a7-5039-2845-X@dCNY32.00 | |
| 100 | @a20060829d2005 ekmy0chiy0120 ea | |
| 101 | 0 | @achi |
| 102 | @aCN@b110000 | |
| 105 | @ay a 000yy | |
| 200 | 1 | @a新时期中国戏曲创作概论@AXin Shi Qi Zhong Guo Xi Qu Chuang Zuo Gai Lun@f何玉人著@FHe Yu Ren Zhu |
| 210 | @a北京@c文化艺术出版社@d2005 | |
| 215 | @a440页@d21cm | |
| 320 | @a有书目:(435-440页) | |
| 330 | @a对新时期的戏曲创作的认识,是仁者见仁,智者见智。客观地说,新时期的戏曲创作思想之活跃,观念之多样,手法之新颖,艺术思维之深刻都是不争的事实,所以,书中对新时期戏曲创作的论述是持积极的、肯定的态度。 | |
| 606 | @a戏剧@x创作理论@x研究 | |
| 690 | @aJ804@v4 | |
| 701 | 0 | @a何玉人@AHe Yu Ren@4著 |
| 801 | 0 | @aCN@b中图数据@c20061206 |
| 905 | @a10447@dJ804@e58 | |
| 新时期中国戏曲创作概论/何玉人著.-北京:文化艺术出版社,2005 |
| 440页;21cm |
| ISBN 7-5039-2845-X:CNY32.00 |
| 对新时期的戏曲创作的认识,是仁者见仁,智者见智。客观地说,新时期的戏曲创作思想之活跃,观念之多样,手法之新颖,艺术思维之深刻都是不争的事实,所以,书中对新时期戏曲创作的论述是持积极的、肯定的态度。 |
| ● |
| 相关链接 |
|
|
|
|
正题名:新时期中国戏曲创作概论
索取号:J804/58
 
预约/预借
| 序号 | 登录号 | 条形码 | 馆藏地/架位号 | 状态 | 备注 |
| 1 | 0612974 | 206129740 | 第一样本阅览室/ [索取号:J804/58] | 在馆 | |
| 2 | 0612975 | 206129759 | 第一借阅区/ [索取号:J804/58] | 在馆 | |
| 3 | 0612976 | 206129768 | 第一借阅区/ [索取号:J804/58] | 在馆 | |
| 4 | 0612977 | 206129777 | 第一借阅区/ [索取号:J804/58] | 在馆 | |
| 5 | 0612978 | 206129786 | 第一借阅区/ [索取号:J804/58] | 在馆 |